[Event "New York 1000 GM Spring Schev"]
[Site "New York"]
[Date "2024.03.30"]
[Round "7.2"]
[White "Espinosa, Pedro"]
[Black "Polyik, Peter"]
[Result "0-1"]
[WhiteElo "2229"]
[BlackElo "2295"]
[PlyCount "120"]
[EventDate "2024.03.27"]
[EventType "schev"]
[EventRounds "9"]
[EventCountry "USA"]
[SourceTitle "CB14_2024"]
[SourceDate "2024.04.01"]
[SourceVersion "1"]
[SourceVersionDate "2024.04.01"]
[SourceQuality "1"]

1. d4 Nf6 2. c4 e6 3. Nf3 d5 4. Nc3 Nbd7 5. Bf4 Bb4 6. cxd5 exd5 7. e3 Ne4 8. Qb3 c5 9. Bb5 Qa5 10. 0-0 c4 11. Qd1 Nxc3 12. bxc3 Bxc3 13. Rb1 0-0 14. Bxd7 Bxd7 15. Rxb7 Bf5 16. Ne5 Qa6 17. Rc7 Rac8 18. Rxc8 Rxc8 19. Qh5 Be6 20. Qf3 f6 21. Ng4 h5 22. e4 Bxd4 23. Ne3 dxe4 24. Qxe4 Bxe3 25. Bxe3 c3 26. Qc2 Qxa2 27. Qxa2 Bxa2 28. Bxa7 c2 29. Be3 Rd8 30. f3 Rd1 31. Kf2 Kf7 32. h4 Ke6 33. g4 g6 34. Re1 Kd5 35. Bc1 Bc4 36. Be3 Bd3 37. Bf4 Kd4 38. gxh5 gxh5 39. Re6 f5 40. Rd6+ Kc5 41. Rd8 Bc4 42. Rf8 Be6 43. Re8 Kd5 44. Rd8+ Kc6 45. Rh8 c1Q 46. Bxc1 Rxc1 47. Ke3 Rc4 48. Rxh5 Kd5 49. Rh8 Ke5 50. h5 Rc3+ 51. Ke2 Kf4 52. h6 Rxf3 53. h7 Rh3 54. Kf2 Bf7 55. Kg2 Rh6 56. Kf2 Bg6 57. Rg8 Bxh7 58. Rh8 Kg5 59. Kg3 Bg6 60. Rg8 Rh7 0-1

[Event "New York 1000 GM Spring Schev"]
[Site "New York"]
[Date "2024.03.27"]
[Round "1.5"]
[White "Polyik, Peter"]
[Black "Ho, Carter"]
[Result "1-0"]
[WhiteElo "2295"]
[BlackElo "2108"]
[PlyCount "55"]
[EventDate "2024.03.27"]
[EventType "schev"]
[EventRounds "9"]
[EventCountry "USA"]
[SourceTitle "CB14_2024"]
[SourceDate "2024.04.01"]
[SourceVersion "1"]
[SourceVersionDate "2024.04.01"]
[SourceQuality "1"]

1. Nf3 d5 2. g3 g6 3. Bg2 Bg7 4. c4 dxc4 5. Qa4+ Nc6 6. 0-0 e5 7. Qxc4 Nge7 8. d3 0-0 9. Nc3 Be6 10. Qa4 h6 11. Bd2 Qd7 12. Ne4 b6 13. Bxh6 f5 14. Bxg7 fxe4 15. Bxf8 exf3 16. Bxe7 fxg2 17. Rfc1 Nxe7 18. Qxd7 Bxd7 19. Rxc7 Rd8 20. Kxg2 Nc6 21. Kf1 Nd4 22. Rac1 e4 23. dxe4 Bb5 24. Rc8 Rxc8 25. Rxc8+ Kf7 26. Rc7+ Ke6 27. f4 Bxe2+ 28. Kf2 1-0

[Event "HUN-chT 2324"]
[Site "Hungary"]
[Date "2024.03.03"]
[Round "5.8"]
[White "Polyik, Peter"]
[Black "Borocz, Istvan"]
[Result "1/2-1/2"]
[WhiteElo "2294"]
[BlackElo "2313"]
[PlyCount "56"]
[EventDate "2023.10.28"]
[EventType "team-tourn"]
[EventRounds "9"]
[EventCountry "HUN"]
[SourceTitle "CB16_2024"]
[SourceDate "2024.04.17"]
[SourceVersion "1"]
[SourceVersionDate "2024.04.17"]
[SourceQuality "1"]
[WhiteTeam "Kobanya Aquarena"]
[BlackTeam "Dunaharaszti"]
[WhiteTeamCountry "HUN"]
[BlackTeamCountry "HUN"]

1. d4 Nf6 2. c4 g6 3. Nc3 Bg7 4. e4 d6 5. Be2 0-0 6. Nf3 e5 7. Be3 Bg4 8. d5 Nfd7 9. Nd2 Bxe2 10. Qxe2 f5 11. f3 Bh6 12. exf5 gxf5 13. 0-0-0 Bxe3 14. Qxe3 Na6 15. g4 fxg4 16. Rhg1 Ndc5 17. Rxg4+ Kh8 18. Rdg1 Qe7 19. Nce4 Rg8 20. Qh6 Rxg4 21. Rxg4 Rg8 22. Rxg8+ Kxg8 23. Nf6+ Kh8 24. Nxh7 Qxh7 25. Qf8+ Qg8 26. Qh6+ Qh7 27. Qf8+ Qg8 28. Qh6+ Qh7 1/2-1/2

[Event "Budapest SixDays 01 IM-A"]
[Site "Budapest"]
[Date "2024.01.28"]
[Round "2"]
[White "Kuru, Atilla"]
[Black "Polyik, Peter"]
[Result "1/2-1/2"]
[WhiteElo "2220"]
[BlackElo "2289"]
[PlyCount "189"]
[EventDate "2024.01.27"]
[EventType "tourn"]
[EventRounds "9"]
[EventCountry "HUN"]
[SourceTitle "CB06_2024"]
[SourceDate "2024.02.07"]
[SourceVersion "1"]
[SourceVersionDate "2024.02.07"]
[SourceQuality "1"]

1. e4 e5 2. f4 exf4 3. Nf3 Nf6 4. e5 Nh5 5. d4 d6 6. Qe2 dxe5 7. Nxe5 Qh4+ 8. g3 Nxg3 9. hxg3 Qxh1 10. Bxf4 Bd6 11. Nc3 0-0 12. 0-0-0 Bh3 13. Bxh3 Qxh3 14. Qe4 Qe6 15. Rh1 h6 16. g4 Nd7 17. g5 f5 18. gxf6 Nxf6 19. Qg6 Bxe5 20. Bxe5 Qg4 21. Rxh6 Qxg6 22. Rxg6 c6 23. a4 Rf7 24. Rg1 Re8 25. a5 Nd7 26. Bd6 Re6 27. Bc7 Ref6 28. Rg2 Rf2 29. Rg3 Re7 30. Rg1 Kf7 31. b4 a6 32. Kb2 Rf5 33. Bd8 Re8 34. Bg5 Nf6 35. Kb3 Ne4 36. Nxe4 Rxe4 37. Kc4 Re6 38. Bd8 g6 39. Rg3 Kg7 40. Bg5 Rd6 41. Kd3 Kf7 42. Ke4 Re6+ 43. Kd3 Re1 44. c3 Ref1 45. Ke4 Ke6 46. c4 Kf7 47. Bd2 R1f2 48. Ke3 g5 49. Rxg5 Rxg5 50. Kxf2 Rh5 51. Kf3 Ke6 52. Ke4 Rh3 53. d5+ Kd7 54. Kd4 cxd5 55. cxd5 Rh2 56. Bf4 Rc2 57. Bh6 Rh2 58. Bf8 Rc2 59. Kd3 Rc1 60. Kd4 Ke8 61. Bc5 Re1 62. Bd6 Kd7 63. Bf8 Re8 64. Bc5 Rh8 65. Ke5 Rh4 66. Bd4 Rg4 67. Bc5 Rc4 68. Kf5 b6 69. axb6 a5 70. b7 Kc7 71. Bb6+ Kxb7 72. Bxa5 Kc8 73. Ke6 Rh4 74. Kd6 Rh6+ 75. Kc5 Kb7 76. b5 Rh5 77. Bc3 Rh6 78. Be5 Rh5 79. Kd4 Rh4+ 80. Kc5 Rh5 81. Bf6 Rh6 82. Be7 Rh5 83. Bf8 Rf5 84. Bg7 Rg5 85. Bd4 Rh5 86. Kd6 Rh6+ 87. Ke7 Rh7+ 88. Ke6 Rh6+ 89. Bf6 Kb6 90. d6 Rh7 91. Be7 Rh6+ 92. Bf6 Rh7 93. Be7 Rh6+ 94. Bf6 Rh7 95. Be7 1/2-1/2

[Event "Budapest SixDays 01 IM-A"]
[Site "Budapest"]
[Date "2024.01.28"]
[Round "3"]
[White "Polyik, Peter"]
[Black "Lim, Zhuo Ren"]
[Result "1/2-1/2"]
[WhiteElo "2289"]
[BlackElo "2218"]
[PlyCount "40"]
[EventDate "2024.01.27"]
[EventType "tourn"]
[EventRounds "9"]
[EventCountry "HUN"]
[SourceTitle "CB06_2024"]
[SourceDate "2024.02.07"]
[SourceVersion "1"]
[SourceVersionDate "2024.02.07"]
[SourceQuality "1"]

1. e4 c5 2. Nf3 d6 3. d4 cxd4 4. Nxd4 Nf6 5. Bd3 Nc6 6. Nxc6 bxc6 7. 0-0 g6 8. b3 Bg7 9. Bb2 0-0 10. Nc3 Nd7 11. Na4 Qa5 12. Qe1 Qxe1 13. Rfxe1 Nb6 14. Bxg7 Kxg7 15. Nxb6 axb6 16. a4 c5 17. Bc4 Be6 18. Bxe6 fxe6 19. c4 e5 20. f3 g5 1/2-1/2

[Event "Budapest SixDays 01 IM-A"]
[Site "Budapest"]
[Date "2024.01.27"]
[Round "1"]
[White "Vetokhina, Sofia"]
[Black "Polyik, Peter"]
[Result "0-1"]
[WhiteElo "2020"]
[BlackElo "2289"]
[PlyCount "68"]
[EventDate "2024.01.27"]
[EventType "tourn"]
[EventRounds "9"]
[EventCountry "HUN"]
[SourceTitle "CB06_2024"]
[SourceDate "2024.02.07"]
[SourceVersion "1"]
[SourceVersionDate "2024.02.07"]
[SourceQuality "1"]

1. d4 d5 2. c4 e6 3. Nf3 Nf6 4. g3 dxc4 5. Qa4+ Nbd7 6. Bg2 a6 7. Ne5 c5 8. dxc5 Bxc5 9. Nxd7 Bxd7 10. Qxc4 Rc8 11. Qb3 Bxf2+ 12. Kxf2 Ng4+ 13. Kf3 Rxc1 14. Rxc1 Qf6+ 15. Ke4 Qe5+ 16. Kd3 Bb5+ 17. Kc2 Qxe2+ 18. Nd2 0-0 19. Bf1 Ne3+ 20. Kb1 Nxf1 21. Rxf1 Bd3+ 22. Kc1 Rc8+ 23. Qc3 Rxc3+ 24. bxc3 Qe5 25. Kb2 Bxf1 26. Rxf1 Qe2 27. Kc2 f5 28. h4 g6 29. Rb1 b5 30. c4 bxc4 31. Rb8+ Kg7 32. Rc8 Qd3+ 33. Kc1 c3 34. Nb3 e5 0-1

[Event "Budapest SixDays 09 IM-A"]
[Site "Budapest"]
[Date "2023.09.23"]
[Round "9"]
[White "Pulpan, Jakub"]
[Black "Polyik, Peter"]
[Result "1-0"]
[WhiteElo "2399"]
[BlackElo "2323"]
[PlyCount "97"]
[EventDate "2023.09.18"]
[EventType "tourn"]
[EventRounds "9"]
[EventCountry "HUN"]
[SourceTitle "EXT 2024"]
[Source "ChessBase"]
[SourceDate "2023.10.10"]
[SourceVersion "1"]
[SourceVersionDate "2023.10.10"]
[SourceQuality "1"]

1. e4 e6 2. d4 d5 3. Nd2 c5 4. exd5 Qxd5 5. Ngf3 cxd4 6. Bc4 Qd7 7. 0-0 Nc6 8. Nb3 a6 9. Nbxd4 Nxd4 10. Nxd4 Qc7 11. Qe2 Bd6 12. h3 Ne7 13. Re1 0-0 14. Bd3 Ng6 15. Qh5 Bd7 16. Be3 Bc6 17. Nxc6 Qxc6 18. Qg4 Rac8 19. Qe4 Qc7 20. h4 Rfe8 21. g4 Kh8 22. h5 f5 23. gxf5 exf5 24. Qxf5 Rf8 25. Qh3 Nf4 26. Bxf4 Rxf4 27. Re4 Rcf8 28. Rxf4 Bxf4 29. Re1 Qc5 30. Qh4 Bg5 31. Qg3 Bf4 32. Qh4 Bg5 33. Qe4 Qxf2+ 34. Kh1 Qh4+ 35. Qxh4 Bxh4 36. Re6 Bf6 37. Rb6 Rf7 38. Bxa6 Bd4 39. Rd6 Bf6 40. Bd3 Rc7 41. Be4 Kg8 42. c3 Rc5 43. h6 b5 44. hxg7 Bxg7 45. Rb6 Kf8 46. Kg2 Rc4 47. Bd3 Ra4 48. a3 Bxc3 49. Bxb5 1-0

[Event "Budapest SixDays 09 IM-A"]
[Site "Budapest"]
[Date "2023.09.22"]
[Round "8"]
[White "Polyik, Peter"]
[Black "Karamsetty, Jeevan"]
[Result "1/2-1/2"]
[WhiteElo "2323"]
[BlackElo "2247"]
[PlyCount "76"]
[EventDate "2023.09.18"]
[EventType "tourn"]
[EventRounds "9"]
[EventCountry "HUN"]
[SourceTitle "EXT 2024"]
[Source "ChessBase"]
[SourceDate "2023.10.10"]
[SourceVersion "1"]
[SourceVersionDate "2023.10.10"]
[SourceQuality "1"]

1. c4 g6 2. d4 Bg7 3. Nc3 d6 4. Nf3 Nc6 5. d5 Ne5 6. Nxe5 Bxe5 7. e4 Nf6 8. Bd3 0-0 9. Be3 e6 10. Qd2 exd5 11. cxd5 Re8 12. f3 c6 13. dxc6 bxc6 14. 0-0 d5 15. exd5 cxd5 16. Bb5 Bd7 17. Bxd7 Qxd7 18. Rad1 Rad8 19. Bd4 Qd6 20. g3 a6 21. Rfe1 Re6 22. Bxe5 Rxe5 23. Rxe5 Qxe5 24. Qd4 Qe6 25. Kg2 h5 26. Rd2 Rd6 27. h4 Qf5 28. Qc5 Re6 29. Qd4 Re1 30. Re2 Rxe2+ 31. Nxe2 Nd7 32. Qc3 Nb6 33. Nd4 Qb1 34. Nc6 Qd1 35. Ne7+ Kh7 36. Qf6 Qe2+ 37. Kg1 Qe1+ 38. Kg2 Qe2+ 1/2-1/2

[Event "Budapest SixDays 09 IM-A"]
[Site "Budapest"]
[Date "2023.09.21"]
[Round "6"]
[White "Polyik, Peter"]
[Black "Advaitt, Srikant Koduri"]
[Result "1/2-1/2"]
[WhiteElo "2323"]
[BlackElo "2088"]
[PlyCount "116"]
[EventDate "2023.09.18"]
[EventType "tourn"]
[EventRounds "9"]
[EventCountry "HUN"]
[SourceTitle "EXT 2024"]
[Source "ChessBase"]
[SourceDate "2023.10.10"]
[SourceVersion "1"]
[SourceVersionDate "2023.10.10"]
[SourceQuality "1"]

1. e4 c5 2. Nf3 d6 3. d4 cxd4 4. Nxd4 Nf6 5. Nc3 g6 6. Be3 Bg7 7. f3 0-0 8. Qd2 Nc6 9. 0-0-0 d5 10. exd5 Nxd5 11. Nxc6 bxc6 12. Bd4 Bxd4 13. Qxd4 Qb6 14. Na4 Qc7 15. Bc4 Rd8 16. Nc5 Bf5 17. Bb3 Nf4 18. Qf2 Qb6 19. g3 Ne6 20. Bxe6 Bxe6 21. Rhe1 Rd6 22. Qe3 Rad8 23. Rxd6 Rxd6 24. Qc3 Qc7 25. Nxe6 fxe6 26. b3 Qd7 27. Kb2 Rd5 28. Re4 c5 29. Qe3 Kf7 30. Rh4 Kg8 31. Qh6 Rh5 32. Rxh5 Qd4+ 33. c3 Qf2+ 34. Ka3 gxh5 35. Qxe6+ Kf8 36. Qf5+ Kg7 37. Qg5+ Kf8 38. Qxh5 Qe3 39. Qf5+ Ke8 40. Kb2 Qe2+ 41. Qc2 Qxf3 42. Qxh7 Qe2+ 43. Qc2 Qe3 44. g4 e5 45. h4 e4 46. h5 Qf4 47. g5 Kf7 48. g6+ Kg7 49. c4 Kh6 50. Qc3 e3 51. Qh8+ Kg5 52. Ka3 Qf6 53. Qc8 Qb6 54. Qd7 Qa6+ 55. Kb2 Qf6+ 56. Ka3 Qa6+ 57. Kb2 Qf6+ 58. Ka3 Qa6+ 1/2-1/2

[Event "Budapest SixDays 09 IM-A"]
[Site "Budapest"]
[Date "2023.09.20"]
[Round "5"]
[White "Polyik, Peter"]
[Black "Horvath, David G"]
[Result "1/2-1/2"]
[WhiteElo "2323"]
[BlackElo "2334"]
[PlyCount "58"]
[EventDate "2023.09.18"]
[EventType "tourn"]
[EventRounds "9"]
[EventCountry "HUN"]
[SourceTitle "EXT 2024"]
[Source "ChessBase"]
[SourceDate "2023.10.10"]
[SourceVersion "1"]
[SourceVersionDate "2023.10.10"]
[SourceQuality "1"]

1. e4 e6 2. d4 d5 3. Nc3 Nf6 4. e5 Nfd7 5. f4 c5 6. Nf3 Nc6 7. Be3 Be7 8. Qd2 a6 9. a3 Qc7 10. Be2 b5 11. dxc5 Nxc5 12. 0-0 0-0 13. Qe1 b4 14. axb4 Nxb4 15. Nb5 axb5 16. Qxb4 Ra4 17. Qe1 b4 18. Rxa4 Nxa4 19. b3 Nc3 20. Bd3 Bd7 21. Nd4 f5 22. h3 Bc5 23. Nf3 Bb5 24. Bxc5 Qxc5+ 25. Qf2 Qxf2+ 26. Kxf2 Bxd3 27. cxd3 Ra8 28. Nd4 Kf7 29. Kf3 Ra2 1/2-1/2

[Event "HUN-chT 2223"]
[Site "Hungary"]
[Date "2023.02.19"]
[Round "6.12"]
[White "Kaloczi, Kristof"]
[Black "Polyik, Peter"]
[Result "0-1"]
[WhiteElo "2067"]
[BlackElo "2327"]
[PlyCount "62"]
[EventDate "2022.11.20"]
[EventType "team-tourn"]
[EventRounds "9"]
[EventCountry "HUN"]
[SourceTitle "CBM 213 Extra"]
[Source "ChessBase"]
[SourceDate "2023.05.31"]
[SourceVersion "1"]
[SourceVersionDate "2023.05.31"]
[SourceQuality "1"]
[WhiteTeam "Budapest MTK"]
[BlackTeam "Kobanya Aquarena"]
[WhiteTeamCountry "HUN"]
[BlackTeamCountry "HUN"]

1. b3 d5 2. Bb2 Bf5 3. e3 e6 4. Nf3 Nf6 5. Be2 h6 6. 0-0 Nbd7 7. c4 c6 8. d4 Be7 9. Nbd2 0-0 10. Ne5 Nxe5 11. dxe5 Nd7 12. cxd5 exd5 13. Nf3 Be4 14. Bd3 Qc7 15. Bxe4 dxe4 16. Nd2 Nxe5 17. Nxe4 Rad8 18. Qe2 Rd5 19. Rad1 Rfd8 20. Rxd5 Rxd5 21. Rd1 Qd7 22. Rxd5 Qxd5 23. f3 Qd3 24. Qe1 Bb4 25. Bc3 Bxc3 26. Qxc3 Qb1+ 27. Kf2 Qxa2+ 28. Kg3 Ng6 29. h4 Nxh4 30. Kxh4 Qxg2 31. Qe5 g5+ 0-1

[Event "Budapest SixDays 01 IM-A"]
[Site "Budapest"]
[Date "2023.01.28"]
[Round "9"]
[White "Orso, Miklos"]
[Black "Polyik, Peter"]
[Result "0-1"]
[WhiteElo "2256"]
[BlackElo "2323"]
[PlyCount "112"]
[EventDate "2023.01.23"]
[EventType "tourn"]
[EventRounds "9"]
[EventCountry "HUN"]
[SourceTitle "CBM 212 Extra"]
[Source "ChessBase"]
[SourceDate "2023.03.31"]
[SourceVersion "1"]
[SourceVersionDate "2023.03.31"]
[SourceQuality "1"]

1. Nf3 d5 2. b3 Bf5 3. Bb2 e6 4. g3 h6 5. Bg2 Nf6 6. 0-0 Be7 7. d3 0-0 8. Nbd2 c6 9. Qe1 Bh7 10. e4 a5 11. a3 Nbd7 12. Qe2 b5 13. Rfe1 Qb6 14. h3 Rfd8 15. Kh1 Rac8 16. Nh2 dxe4 17. dxe4 e5 18. Nhf1 Bc5 19. Ne3 Bd4 20. Bxd4 exd4 21. Ng4 Nxg4 22. hxg4 Ne5 23. f4 d3 24. cxd3 Nxd3 25. Rf1 Rc7 26. e5 Rcd7 27. Ne4 Bxe4 28. Bxe4 Rd4 29. Bg2 c5 30. Rab1 Qe6 31. Kh2 f6 32. a4 b4 33. Qe3 fxe5 34. f5 Qf6 35. Be4 Nf4 36. Rb2 Nd5 37. Qf3 Nc3 38. Re1 Qg5 39. Kh3 Rd1 40. Rxd1 Rxd1 41. Rc2 Rd4 42. Bb7 e4 43. Qf2 e3 44. Qf3 e2 45. Rxe2 Nxe2 46. Qxe2 Kh7 47. Bc8 Qc1 48. Qf3 Qd1 49. Qxd1 Rxd1 50. Be6 g5 51. Kg2 Kg7 52. Kf3 Kf6 53. Bc4 Ke5 54. Ke3 Rc1 55. Bf7 Rc3+ 56. Kf2 c4 0-1

[Event "Budapest SixDays 01 IM-A"]
[Site "Budapest"]
[Date "2023.01.26"]
[Round "6"]
[White "Polyik, Peter"]
[Black "Heimisson, Hilmir Freyr"]
[Result "1/2-1/2"]
[WhiteElo "2323"]
[BlackElo "2321"]
[PlyCount "54"]
[EventDate "2023.01.23"]
[EventType "tourn"]
[EventRounds "9"]
[EventCountry "HUN"]
[SourceTitle "CBM 212 Extra"]
[Source "ChessBase"]
[SourceDate "2023.03.31"]
[SourceVersion "1"]
[SourceVersionDate "2023.03.31"]
[SourceQuality "1"]

1. e4 e6 2. d4 d5 3. e5 c5 4. c3 Nc6 5. Nf3 Qb6 6. Bd3 cxd4 7. 0-0 Bd7 8. Re1 Nge7 9. h4 Rc8 10. h5 h6 11. Na3 Nf5 12. g4 Nfe7 13. Nb5 Nxe5 14. Nxe5 Bxb5 15. Qf3 f6 16. Bg6+ Nxg6 17. Nxg6 Rg8 18. Bxh6 gxh6 19. Qxf6 Bd7 20. Re5 dxc3 21. Rae1 c2 22. Nxf8 Rxf8 23. Rxe6+ Qxe6 24. Rxe6+ Bxe6 25. Qxe6+ Kd8 26. Qd6+ Ke8 27. Qe6+ Kd8 1/2-1/2

[Event "Budapest SixDays 01 IM-A"]
[Site "Budapest"]
[Date "2023.01.25"]
[Round "5"]
[White "Szeberenyi, Adam"]
[Black "Polyik, Peter"]
[Result "1-0"]
[WhiteElo "2331"]
[BlackElo "2323"]
[PlyCount "81"]
[EventDate "2023.01.23"]
[EventType "tourn"]
[EventRounds "9"]
[EventCountry "HUN"]
[SourceTitle "CBM 212 Extra"]
[Source "ChessBase"]
[SourceDate "2023.03.31"]
[SourceVersion "1"]
[SourceVersionDate "2023.03.31"]
[SourceQuality "1"]

1. d4 d5 2. c4 c6 3. e3 Nf6 4. Nf3 Bg4 5. Nc3 e6 6. h3 Bh5 7. g4 Bg6 8. Ne5 Nbd7 9. Nxg6 hxg6 10. g5 Ne4 11. Nxe4 dxe4 12. h4 Bb4+ 13. Bd2 Qa5 14. Bxb4 Qxb4+ 15. Qd2 Qxd2+ 16. Kxd2 f5 17. gxf6 gxf6 18. Be2 Kf7 19. f3 exf3 20. Bxf3 f5 21. b4 e5 22. Raf1 exd4 23. exd4 Nf6 24. Re1 a5 25. b5 cxb5 26. cxb5 Rad8 27. Bxb7 Rxd4+ 28. Kc3 Rhd8 29. Re2 Rb4 30. Rb2 Rdd4 31. Rxb4 Rxb4 32. Bc6 Ne4+ 33. Kc2 Rc4+ 34. Kd3 Rb4 35. Rc1 Nd6 36. a3 Rxh4 37. b6 Rh3+ 38. Kc2 Rxa3 39. Rd1 Ke7 40. Re1+ Kf6 41. Bd5 1-0

[Event "Budapest FS03 IM"]
[Site "Budapest"]
[Date "2022.03.11"]
[Round "6"]
[White "To, Nhat Minh"]
[Black "Polyik, Peter"]
[Result "1-0"]
[WhiteElo "2326"]
[BlackElo "2338"]
[PlyCount "73"]
[EventDate "2022.03.05"]
[EventType "tourn"]
[EventRounds "9"]
[EventCountry "HUN"]
[SourceTitle "CBM 207 Extra"]
[Source "ChessBase"]
[SourceDate "2022.05.31"]
[SourceVersion "1"]
[SourceVersionDate "2022.05.31"]
[SourceQuality "1"]

1. e4 c5 2. c3 d5 3. exd5 Qxd5 4. d4 g6 5. Nf3 Bg7 6. Nbd2 cxd4 7. Bc4 Qc5 8. Nxd4 Nf6 9. Qe2 a6 10. 0-0 0-0 11. Re1 Nc6 12. N2b3 Nxd4 13. Nxc5 Nxe2+ 14. Bxe2 Ra7 15. Bf3 b6 16. Na4 b5 17. Be3 Rc7 18. Nb6 Be6 19. a4 Ne8 20. Bd5 Nd6 21. Bf4 b4 22. cxb4 Bxb2 23. Rad1 Bc3 24. Bd2 Bd4 25. Be3 Bc3 26. Rc1 Bxe1 27. Rxc7 Bxb4 28. Bxe6 fxe6 29. Rxe7 Re8 30. Ra7 a5 31. g4 Ne4 32. Nc4 Rf8 33. Kg2 Nf6 34. Bh6 Rc8 35. Rg7+ Kh8 36. Ne5 Rf8 37. Rb7 1-0

[Event "Budapest FS03 IM"]
[Site "Budapest"]
[Date "2022.03.07"]
[Round "3"]
[White "Polyik, Peter"]
[Black "Tancsa, Tamas"]
[Result "1-0"]
[WhiteElo "2338"]
[BlackElo "2096"]
[PlyCount "51"]
[EventDate "2022.03.05"]
[EventType "tourn"]
[EventRounds "9"]
[EventCountry "HUN"]
[SourceTitle "CBM 207 Extra"]
[Source "ChessBase"]
[SourceDate "2022.05.31"]
[SourceVersion "1"]
[SourceVersionDate "2022.05.31"]
[SourceQuality "1"]

1. d4 Nf6 2. c4 d6 3. Nc3 Nbd7 4. e4 e5 5. Nf3 g6 6. Be2 Bg7 7. 0-0 0-0 8. Be3 c6 9. d5 c5 10. Ne1 Ne8 11. g4 f5 12. gxf5 gxf5 13. exf5 Nb6 14. Kh1 Bxf5 15. Rg1 Kh8 16. Rg3 Nc8 17. Ng2 Ne7 18. Qd2 Ng6 19. Rg1 Bf6 20. Bh6 Ng7 21. Bd3 Bh4 22. Rf3 Bxd3 23. Rxf8+ Qxf8 24. Nxh4 e4 25. Rxg6 e3 26. Qxd3 1-0

[Event "Budapest FS09 IM"]
[Site "Budapest"]
[Date "2021.09.13"]
[Round "8"]
[White "Laddha, Shubh Jayesh"]
[Black "Polyik, Peter"]
[Result "0-1"]
[WhiteElo "2157"]
[BlackElo "2327"]
[PlyCount "150"]
[EventDate "2021.09.04"]
[EventType "tourn"]
[EventRounds "9"]
[EventCountry "HUN"]
[EventCategory "1"]
[SourceTitle "CBM 204 Extra"]
[Source "ChessBase"]
[SourceDate "2021.11.30"]
[SourceVersion "1"]
[SourceVersionDate "2021.11.30"]
[SourceQuality "1"]

1. e4 c5 2. Nf3 e6 3. g3 d5 4. exd5 exd5 5. d4 Nc6 6. Bg2 Bg4 7. 0-0 cxd4 8. Nbd2 Be7 9. Re1 Nf6 10. h3 Bh5 11. Nb3 Bxf3 12. Bxf3 Qb6 13. Bg5 0-0 14. a3 Rfd8 15. Qd3 h6 16. Bf4 Bd6 17. Bxd6 Rxd6 18. Rad1 Rc8 19. Re2 Re6 20. Rde1 Rce8 21. Kg2 a5 22. a4 Qb4 23. Qb5 Qxe1 24. Rxe1 Rxe1 25. Qxb7 Ne5 26. Bxd5 Rd8 27. Bf3 Nxf3 28. Qxf3 Rd5 29. Qd3 Re4 30. Nd2 Re8 31. Nb3 Re4 32. Nd2 Re6 33. Nc4 Ne4 34. Nd2 Nf6 35. Nc4 Ne4 36. Nd2 Nxd2 37. Qxd2 Rb6 38. b3 d3 39. cxd3 Rxb3 40. Qc2 Rbxd3 41. Qc8+ Rd8 42. Qc7 R3d5 43. h4 h5 44. Qb6 R8d6 45. Qb8+ Kh7 46. Qc7 Rf6 47. Qc3 Rff5 48. Qc2 g6 49. Qc3 Rc5 50. Qd3 Rc8 51. Qb3 Rd8 52. Qc3 Re8 53. Qd3 Rb8 54. Qc2 Rb4 55. Kh2 Rd5 56. Kg2 Kg7 57. f4 Rbd4 58. Qc3 Kg8 59. Qc8+ Rd8 60. Qc7 Rd2+ 61. Kh3 R8d5 62. Qc8+ Kg7 63. Qc4 Kh7 64. Qc3 Rd7 65. Qxa5 Ra2 66. f5 g5 67. hxg5 Rdd2 68. g6+ Kh6 69. Qxd2+ Rxd2 70. gxf7 Rd8 71. Kh4 Rf8 72. g4 hxg4 73. Kxg4 Kg7 74. Kf4 Kxf7 75. Ke5 Ra8 0-1

[Event "Budapest FS09 IM"]
[Site "Budapest"]
[Date "2021.09.10"]
[Round "6"]
[White "Akesson, Ralf"]
[Black "Polyik, Peter"]
[Result "1/2-1/2"]
[WhiteElo "2389"]
[BlackElo "2327"]
[PlyCount "80"]
[EventDate "2021.09.04"]
[EventType "tourn"]
[EventRounds "9"]
[EventCountry "HUN"]
[EventCategory "1"]
[SourceTitle "CBM 204 Extra"]
[Source "ChessBase"]
[SourceDate "2021.11.30"]
[SourceVersion "1"]
[SourceVersionDate "2021.11.30"]
[SourceQuality "1"]

1. Nf3 d5 2. d4 Nf6 3. c4 e6 4. g3 Be7 5. Bg2 0-0 6. 0-0 c6 7. Qc2 b6 8. Rd1 Nbd7 9. b3 Ba6 10. Bb2 Rc8 11. Nbd2 c5 12. dxc5 Bxc5 13. e3 Qe7 14. a3 dxc4 15. Nxc4 Rfd8 16. Qc3 Qf8 17. Nd4 Bxd4 18. Qxd4 Nc5 19. Qc3 Nxb3 20. Qxb3 Bxc4 21. Qa4 Qe7 22. Rxd8+ Qxd8 23. Qxa7 b5 24. h3 Rc7 25. Qa5 Rd7 26. Qxd8+ Rxd8 27. Bd4 Nd5 28. Rc1 Ra8 29. Bb2 Rd8 30. Rd1 Rc8 31. e4 Ne7 32. Rd7 Nc6 33. e5 h6 34. Rb7 Na5 35. Ra7 Nc6 36. Ra6 Ne7 37. Bd4 b4 38. Ra7 Nf5 39. Bb2 bxa3 40. Bxa3 Nd4 1/2-1/2

[Event "Budapest FS09 IM"]
[Site "Budapest"]
[Date "2021.09.08"]
[Round "5"]
[White "Polyik, Peter"]
[Black "Bommini, Mounika Akshaya"]
[Result "1/2-1/2"]
[WhiteElo "2327"]
[BlackElo "2158"]
[PlyCount "98"]
[EventDate "2021.09.04"]
[EventType "tourn"]
[EventRounds "9"]
[EventCountry "HUN"]
[EventCategory "1"]
[SourceTitle "CBM 204 Extra"]
[Source "ChessBase"]
[SourceDate "2021.11.30"]
[SourceVersion "1"]
[SourceVersionDate "2021.11.30"]
[SourceQuality "1"]

1. d4 f5 2. c4 e6 3. Nf3 Nf6 4. Nc3 d5 5. Bf4 c6 6. e3 Be7 7. Qd3 0-0 8. Qc2 Ne4 9. g4 Nxc3 10. bxc3 dxc4 11. Bxc4 b5 12. Bd3 c5 13. gxf5 exf5 14. Rg1 c4 15. Be2 Bb7 16. Qb2 Bc6 17. Ne5 a6 18. a4 Qe8 19. Kd2 Kh8 20. Rg3 Rf6 21. h4 Bd5 22. h5 Nc6 23. Bg5 Nxe5 24. dxe5 Re6 25. Bxe7 Rxe7 26. f4 Rd8 27. Ke1 Bf7 28. h6 g6 29. axb5 axb5 30. Kf2 Qc6 31. Rb1 Rb7 32. Qb4 Bd5 33. Rgg1 Be4 34. Rbd1 Bd5 35. Rd2 Kg8 36. Rgd1 Rbd7 37. Rb2 Rb7 38. Bf3 Kf7 39. Rd4 Ke6 40. Bxd5+ Rxd5 41. Rxd5 Qxd5 42. Qf8 Kd7 43. Ra2 Kc7 44. Kg3 Qd1 45. Qc5+ Kb8 46. Kf2 Qd8 47. Kg3 Qd1 48. Qf8+ Kc7 49. Qc5+ Kb8 1/2-1/2

[Event "Budapest FS09 IM"]
[Site "Budapest"]
[Date "2021.09.07"]
[Round "4"]
[White "Nemeth, Zoltan"]
[Black "Polyik, Peter"]
[Result "1-0"]
[WhiteElo "2229"]
[BlackElo "2327"]
[PlyCount "91"]
[EventDate "2021.09.04"]
[EventType "tourn"]
[EventRounds "9"]
[EventCountry "HUN"]
[EventCategory "1"]
[SourceTitle "CBM 204 Extra"]
[Source "ChessBase"]
[SourceDate "2021.11.30"]
[SourceVersion "1"]
[SourceVersionDate "2021.11.30"]
[SourceQuality "1"]

1. d4 d5 2. c4 e6 3. Nf3 Nf6 4. Nc3 dxc4 5. e3 a6 6. a4 b6 7. Bxc4 Bb7 8. 0-0 Nbd7 9. Qe2 Bd6 10. e4 e5 11. Bg5 h6 12. dxe5 Nxe5 13. Nxe5 Bxe5 14. Bh4 0-0 15. Rad1 Qe8 16. Nd5 Nxd5 17. Bxd5 Bxd5 18. Rxd5 c6 19. Rd3 c5 20. b3 b5 21. axb5 axb5 22. Rd5 f5 23. Rxc5 g5 24. Qxb5 Qxb5 25. Rxb5 Rae8 26. f4 Bd4+ 27. Bf2 Bxf2+ 28. Rxf2 Rxe4 29. fxg5 Re1+ 30. Rf1 Rxf1+ 31. Kxf1 hxg5 32. b4 Kg7 33. Rc5 Kf6 34. b5 Rh8 35. h3 Ra8 36. Rc1 Rb8 37. Rb1 Rb6 38. Ke2 Ke6 39. Kd3 Kd5 40. Rf1 Rf6 41. b6 Kc6 42. Rb1 Kb7 43. Ke3 g4 44. Kf4 gxh3 45. gxh3 Rh6 46. Rb3 1-0